[Event "Chioggia op-B 14th"]
[Site "Chioggia"]
[Date "2019.10.05"]
[Round "2"]
[White "Rossi, Gabriele Valerio"]
[Black "Boscolo Moreto, Davide"]
[Result "1-0"]
[WhiteElo "1599"]
[BlackElo "1440"]
[PlyCount "21"]
[EventDate "2019.10.04"]
[EventType "swiss"]
[EventRounds "5"]
[EventCountry "ITA"]
[SourceTitle "EXT 2022"]
[Source "ChessBase"]
[SourceDate "2021.10.06"]
[SourceVersion "1"]
[SourceVersionDate "2021.10.06"]
[SourceQuality "1"]

1. e4 c5 2. Nc3 d6 3. f4 g6 4. Nf3 Bh6 5. d4 cxd4 6. Qxd4 f6 7. Bc4 Nc6 8. Qd2 a6 9. 0-0 b5 10. Qd5 Bd7 11. Qf7# 1-0